000 00181 a2200097 4500
001 7528
100 _aA R C
245 _aR & M Nos
260 _a
_bH M S O
_c
090 _c6029
_d6029
942 _aNUST-CAE
_cM
_c32522
999 _c242601
_d242601